000
00303nam a22001337a 4500
008
170516b xxu||||| |||| 00| 0 eng d
020
_a
9780205510870
041
_a
eng
080
_2
3 ED
_a
94(7/8)
100
_a
16
101
_a
SHH
245
_a
NATIVE NORTH AMERICA
_c
SUTTON.M.Q
942
_2
udc
_c
BK
999
_c
13385
_d
13385